Southville International School and Colleges
Your cart is empty.
  • Cart
  • Lists
    Public lists Eva Luna New books Lux_list list_1
    Your lists Log in to create your own lists
  • Log in to your account
  • Your cookies
  • Search history
Southville International School and Colleges
  • Advanced search
  • Recent comments
  • Most popular
  • Libraries

Log in to your account

Log in with GOOGLE


If you do not have an external account, but do have a local account, you can still log in:

  1. Home
  2. MARC view: Cooking healthy with a microwave :
Normal view MARC view ISBD view

Cooking healthy with a microwave : (Record no. 300685)

[ view plain ]
MARC details
000 -LEADER
fixed length control field 00598nam a2200229Ia 4500
008 - FIXED-LENGTH DATA ELEMENTS--GENERAL INFORMATION
fixed length control field 160819s9999 xx 000 0 und d
020 ## - INTERNATIONAL STANDARD BOOK NUMBER
International Standard Book Number 0-399-53155-6
050 ## - LIBRARY OF CONGRESS CALL NUMBER
Classification number CUL TX 832
050 ## - LIBRARY OF CONGRESS CALL NUMBER
Item number .L86 2005
100 ## - MAIN ENTRY--PERSONAL NAME
Personal name Lund, JoAnna M.
245 ## - TITLE STATEMENT
Title Cooking healthy with a microwave :
245 ## - TITLE STATEMENT
Remainder of title a healthy exchanges cookbook /
245 ## - TITLE STATEMENT
Statement of responsibility, etc JoAnna M. Lund with Barbara Alpert.
260 ## - PUBLICATION, DISTRIBUTION, ETC. (IMPRINT)
Place of publication, distribution, etc New York :
260 ## - PUBLICATION, DISTRIBUTION, ETC. (IMPRINT)
Name of publisher, distributor, etc Perigee,
260 ## - PUBLICATION, DISTRIBUTION, ETC. (IMPRINT)
Date of publication, distribution, etc 2005
300 ## - PHYSICAL DESCRIPTION
Extent 369 pages :
300 ## - PHYSICAL DESCRIPTION
Other physical details illustrations ;
300 ## - PHYSICAL DESCRIPTION
Dimensions 21 cm.
500 ## - GENERAL NOTE
General note Includes index.
650 ## - SUBJECT ADDED ENTRY--TOPICAL TERM
Topical term or geographic name as entry element Microwave cookery.
Holdings
Withdrawn status Lost status Damaged status Home library Current library Shelving location Date acquired Total Checkouts Full call number Barcode Date last seen Price effective from Koha item type
      South Mansfield College South Mansfield College   01/09/2008   CUL TX 832 .L86 2005 SMC03860 08/19/2016 08/19/2016  

Cooking healthy with a microwave :

APA

Lund J. M., .Cooking healthy with a microwave. New York: .

Chicago

Lund JoAnna M, .Cooking healthy with a microwave. New York: .

Harvard

Lund J. M., .Cooking healthy with a microwave. New York: .

MLA

Lund JoAnna M, .New York: . .

  • Place hold
  • Print
  • Cite
  • Add to your cart (remove)
  • Save record
    BIBTEX Dublin Core MARCXML MARC (non-Unicode/MARC-8) MARC (Unicode/UTF-8) MARC (Unicode/UTF-8, Standard) MODS (XML) RIS
  • More searches
    Search for this title in:
    Other Libraries (WorldCat) Other Databases (Google Scholar) Online Stores (Bookfinder.com) Open Library (openlibrary.org)

Exporting to Dublin Core...

SOUTHVILLE LIBRARY

Southville International School and Colleges Library

1281 Tropical Ave. Cor. Luxembourg St., BF Homes International, Las Pinas City

Tel. No. 8256374 / 252358 Loc. 117/146

Powered by Koha